Czy rozpoznasz grę Pokemon po obrazku? - Statystyki

Ogólne statystyki
  • Ten quiz został rozwiązany 450 razy
    423 od ostatniego zresetowania
  • Średni wynik to 20 z 24
Statystyki odpowiedzi
Obrazkowy Odpowiedź % Poprawnych
Pokemon Blue
97%
Pokemon Red
97%
Pokemon Yellow
97%
Pokemon Black
92%
Pokemon Moon
92%
Pokemon Sun
92%
Pokemon Sword
92%
Pokemon Pearl
91%
Pokemon White
91%
Pokemon Ruby
90%
Pokemon Diamond
89%
Pokemon Shield
89%
Pokemon Emerald
88%
Pokemon Gold
88%
Pokemon Silver
86%
Pokemon FireRed
84%
Pokemon Sapphire
80%
Pokemon LeafGreen
79%
Pokemon Crystal
78%
Pokemon Omega Ruby
64%
Pokemon HeartGold
62%
Pokemon Alpha Sapphire
61%
Pokemon SoulSilver
56%
Pokemon Platinum
52%
Nie znaleziono quizów pasujących do podanych kryteriów
Rozkład punktacji
Procent ludzi z każdym wynikiem
Percentyl według liczby udzielonych odpowiedzi
Twoja historia wyników
Nie rozwiązałeś tego quizu od ostatniego zresetowania